000 01418cam a2200229 a 4500
001 000003974
005 20200929150640.0
008 010309s2000 mx b 001 f spa
020 _a9681906063
040 _aDO-SdBNP
_cDLC
_dDLC
082 _aM863.5
_bR382v
245 0 0 _aRelatos vertiginosos :
_bantología de cuentos mínimos /
_cselección y prólogo, Lauro Zavala.
260 _aMéxico, D.F. :
_bAlfaguara,
_c2000.
300 _a[177] p. ;
_c22 cm.
504 _aBibliografías: p. 171 - [176].
505 0 _aÓscar de la Borbolla -- Eduardo Galeano -- Juan José Arreola -- Augusto Monterroso -- Ana María Shua -- Luisa Valenzuela -- Felipe Garrido -- Manuel Mejía Valera -- Luis Britto García -- Alfonso Reyes -- Macedonio Fernández -- Martha Cerda -- Segio Golwarz -- Mario Benedetti -- Ethel Krauze -- Guillermo Samperio -- Marcial Fernández -- Luis Humberto Crosthwaite --
505 0 _aAdolfo Castanon -- Juan Armando Epple -- Eusebio Ruvalcaba -- Otto-Raúl González -- Julio Torri -- Marco Denevi -- José de la Colina -- Salvador Elizondo -- Augusto Monterroso -- Pablo Urbanyi -- Marcelo Báez -- José de la Colina -- Lazlo Moussong -- Rafael Bulle Goyri -- Jairo Aníbal Nino -- Mónica Lavín -- Edmundo Valades.
650 4 _aCuentos mexicanos
_911371
650 4 _aLiteratura mexicana
_ySIGLO XX
_99216
700 1 _aZavala, Lauro,
_eprol.
_911929
910 _aCatalogación por copia / LC
999 _c3793
_d3793